000 00341 a2200157 4500
001 181631
020 _a
040 _cMagnum
100 _aKrause, Gustavo Bernardo Galvao
240 1 0 _aRedacao inquieta
_lpor
245 1 0 _aRedacao inquieta
362 0 _a1899
440 1 _aGlobo
697 _aMAGNITO: PRODUCAO DE TEXTO
942 _cBK
999 _c181631
_d181631